| 000 | 00405nam a22001337a 4500 | ||
|---|---|---|---|
| 020 | _a9780470741832 | ||
| 040 | _cNUST | ||
| 082 |
_a621.3822 _bKHA |
||
| 100 |
_aShoab Ahmed Khan _964329 |
||
| 245 |
_aDigital Design of Signal Processing Systems _bA Practical Approach |
||
| 260 |
_aUnited Kingdom: _bJohn Wiley and Sons, _c2010. |
||
| 650 | _2Digital Design of Signal Processing Systems | ||
| 942 |
_2ddc _cBK |
||
| 999 |
_c610551 _d610551 |
||